000 00812cam a2200301 4500
008 090401t1991 xxu||||| |||| 00| 0 eng d
020 _a0117524468
035 _a(Sirsi) u50086
041 _aeng
050 _a711.309426
110 _aUnited Kingdom
_bDepartment of the Environment
_9982
245 _aRegional planning guidance for East Anglia.
260 _aLondon
_bHMSO
_c1991
300 _a(20)p. : ill.,maps ; 30cm.
350 _a3.75
490 _aRPG
_v6
520 _aSuperseded by 2000 edition (ISBN 0117535613).
650 _aCAMBRIDGESHIRE
650 _aCOUNTY STRUCTURE PLANS
650 _aEAST ANGLIA
650 _aNORFOLK
650 _aREGIONAL PLANNING
650 _aRPG6
650 _aSUFFOLK
690 _aPLANNING LAW AND PRACTICE
942 _n0
948 _c04/03/1997
999 _c92661
_d92661